000 00661nam a22002297a 4500
003 UA-OsUOA
001 22696
007 ta
008 20031223b un ||||| |||| 00| 0 ukr d
100 _aМоссаковський В.
090 _a657
_bМ83
942 _cSA
040 _aUA-OsUOA
_bukr
_cUA-OsUOA
_dUA-OsUOA
245 _aМетод бухгалтерського обліку в ринкових умовах
300 _aС.16-29
955 _a0
041 _aukr
080 _a657
044 _aUA
773 0 _w0
_tБухгалтерський облік і аудит
_dК.
_d2003
_g№12
650 7 _aБухгалтерський облік
_2UDC
999 _c308924
_d308924